00378nam a2200133 a 45000010010000000030011000100080041000210350026000620820016000881000016001042450051001202600056001716500017002270000-9045ELIB.Books110520 1965  a(ELIB.Books)0000-9194 a225.7 bCol aCole, R. A. aTyndale (The Epistle of Paul to the Galatians) bGrand Rapids: Wm. B. Eerdmans Publishing Co. c1965 aCommentaries